00772nam a2200205Ia 4500003000900000008004100009020002200050040001600072080001600088100003100104245014100135250001200276260002900288300001600317490005500333650002000388942000700408999001700415952013400432IN-BaIIA211028s9999 xx 000 0 eng d a978-3-540-22190-6 cIIA Library a629.76bTUR aTurner, Martin J. L929187 0aRocket and spacecraft propulsionbprinciples, practice and new developmentscMartin J. L. Turner  a2nd ed. aNew YorkbSpringerc2005 axxii, 313p. aSpringer-Praxis books in astronautical engineering aRocketry929188 cBK c15842d15842 00104070aBANbBANcGENd2005-03-14eANJ g5572.90l0o629.76/ TURp16764r2021-11-05v5572.90w2005-03-14yBKGRs. 5572.90